00289nam a2200109Ia 4500008004100000041000800041082001700049100001300066245004800079260003300127300001900160241028s9999 xx 000 0 und d aeng a658.4038 PEA aPearlson aStrategic Management Of Information Systems bWiley IndiaaNew Delhic2016 a401;. P. 23 cm